عرض عادي
عرض مارك
- Logical positivism.
مدخل مصطلح موضوعي
001 - رقم الضبط
- حقل الضبط: 41435
003 - معرف رقم الضبط
- حقل الضبط: OSt
005 - تاريخ ووقت أخر عملية
- حقل الضبط: 20140106163206.0
008 - عناصر بيانات ثابتة الطول
- حقل تحكم ثابت الطول: 140106|||a|||||| | ||| d
040 ## - مصدر الفهرسة
- هيئة الفهرسة الأصلية: OSt
- وكالة الكتابة: OSt
150 ## - مدخل-- مصطلح تاريخي
- عنصر مدخل المصطلح الموضوعي او الاسم الجغرافي: Logical positivism.
670 ## - بيانات المصدر موجوده
- الاستشهاد بالمصدر: Work cat.: (OSt)0: Chalmers, David John, 1966- 41434, Constructing the world /
